<?xml version="1.0" encoding="UTF-8"?>
<record
    xmlns:xsi="http://www.w3.org/2001/XMLSchema-instance"
    xsi:schemaLocation="http://www.loc.gov/MARC21/slim http://www.loc.gov/standards/marcxml/schema/MARC21slim.xsd"
    xmlns="http://www.loc.gov/MARC21/slim">

  <leader>01456nam a22003258a 4500</leader>
  <controlfield tag="003">CO-BoRNBP</controlfield>
  <controlfield tag="005">20241002110841.0</controlfield>
  <controlfield tag="007">ta</controlfield>
  <controlfield tag="008">161126s2015    ck a   g      000 0 spa d</controlfield>
  <datafield tag="020" ind1=" " ind2=" ">
    <subfield code="a">9789585888739</subfield>
  </datafield>
  <datafield tag="040" ind1=" " ind2=" ">
    <subfield code="a">CO-BoBLA </subfield>
    <subfield code="b">spa </subfield>
    <subfield code="c">CO-BoBLA</subfield>
    <subfield code="e">rda</subfield>
  </datafield>
  <datafield tag="043" ind1=" " ind2=" ">
    <subfield code="a">s-ck---</subfield>
  </datafield>
  <datafield tag="082" ind1="0" ind2="4">
    <subfield code="a">303.60986 </subfield>
    <subfield code="b">C35c </subfield>
    <subfield code="2">21</subfield>
  </datafield>
  <datafield tag="110" ind1="2" ind2=" ">
    <subfield code="a">Centro Nacional de Memoria Hist&#xF3;rica.</subfield>
    <subfield code="9">109</subfield>
  </datafield>
  <datafield tag="245" ind1="1" ind2="0">
    <subfield code="a">Caminos para la memoria : </subfield>
    <subfield code="b">orientaciones para la participaci&#xF3;n de las v&#xED;ctimas en los procesos del Centro Nacional de Memoria Hist&#xF3;rica /</subfield>
    <subfield code="c">Centro Nacional de Memoria Hist&#xF3;rica ; coordinadora Mar&#xED;a Jos&#xE9; Pizarro Rodr&#xED;guez.</subfield>
  </datafield>
  <datafield tag="250" ind1=" " ind2=" ">
    <subfield code="a">Primera edici&#xF3;n</subfield>
  </datafield>
  <datafield tag="300" ind1=" " ind2=" ">
    <subfield code="a">56 : </subfield>
    <subfield code="b">ilustraciones ; </subfield>
    <subfield code="c">26 cm + </subfield>
    <subfield code="e">2 Cd-Rom y una USB.</subfield>
  </datafield>
  <datafield tag="336" ind1=" " ind2=" ">
    <subfield code="2">rdacontenido</subfield>
    <subfield code="a">texto</subfield>
    <subfield code="b">txt</subfield>
  </datafield>
  <datafield tag="337" ind1=" " ind2=" ">
    <subfield code="2">rdamedio</subfield>
    <subfield code="a">sin mediaci&#xF3;n</subfield>
    <subfield code="b">n</subfield>
  </datafield>
  <datafield tag="338" ind1=" " ind2=" ">
    <subfield code="2">rdasoporte</subfield>
    <subfield code="a">volumen</subfield>
    <subfield code="b">nc</subfield>
  </datafield>
  <datafield tag="610" ind1="2" ind2="7">
    <subfield code="a">Centro Nacional de Memoria Hist&#xF3;rica</subfield>
    <subfield code="x"> Historia</subfield>
    <subfield code="z"> Colombia.</subfield>
    <subfield code="9">42616</subfield>
  </datafield>
  <datafield tag="610" ind1="2" ind2="7">
    <subfield code="a">Centro Nacional de Memoria Hist&#xF3;rica</subfield>
    <subfield code="x"> Participaci&#xF3;n de las v&#xED;ctimas</subfield>
    <subfield code="z"> Colombia.</subfield>
    <subfield code="9">42617</subfield>
  </datafield>
  <datafield tag="650" ind1=" " ind2="7">
    <subfield code="a">Gestores de informaci&#xF3;n</subfield>
    <subfield code="z"> Colombia.</subfield>
    <subfield code="2">BLAAUTO</subfield>
    <subfield code="9">42618</subfield>
  </datafield>
  <datafield tag="650" ind1=" " ind2="7">
    <subfield code="a">Protecci&#xF3;n a las v&#xED;ctimas</subfield>
    <subfield code="z"> Colombia.</subfield>
    <subfield code="2">BLAAUTO</subfield>
    <subfield code="9">42619</subfield>
  </datafield>
  <datafield tag="650" ind1=" " ind2="7">
    <subfield code="a">Trabajo social con v&#xED;ctimas de la violencia</subfield>
    <subfield code="z"> Colombia.</subfield>
    <subfield code="2">BLAAUTO</subfield>
    <subfield code="9">42620</subfield>
  </datafield>
  <datafield tag="700" ind1="1" ind2=" ">
    <subfield code="a">Pizarro Rodr&#xED;guez, Mar&#xED;a Jos&#xE9;,</subfield>
    <subfield code="e">coordinadora.</subfield>
    <subfield code="9">42621</subfield>
  </datafield>
  <datafield tag="830" ind1=" " ind2="0">
    <subfield code="a">Programa de catalogaci&#xF3;n en la publicaci&#xF3;n</subfield>
    <subfield code="9">42622</subfield>
  </datafield>
  <datafield tag="942" ind1=" " ind2=" ">
    <subfield code="2">ddc</subfield>
    <subfield code="c">BK</subfield>
  </datafield>
  <datafield tag="949" ind1=" " ind2=" ">
    <subfield code="a">c   </subfield>
    <subfield code="b">c</subfield>
  </datafield>
  <datafield tag="999" ind1=" " ind2=" ">
    <subfield code="c">38379</subfield>
    <subfield code="d">38379</subfield>
  </datafield>
  <datafield tag="952" ind1=" " ind2=" ">
    <subfield code="0">0</subfield>
    <subfield code="1">0</subfield>
    <subfield code="2">ddc</subfield>
    <subfield code="4">0</subfield>
    <subfield code="7">0</subfield>
    <subfield code="8">GEN</subfield>
    <subfield code="a">MEGUAMAL</subfield>
    <subfield code="b">MEGUAMAL</subfield>
    <subfield code="c">GEN</subfield>
    <subfield code="d">2024-10-02</subfield>
    <subfield code="l">0</subfield>
    <subfield code="o">303.60986  C35c</subfield>
    <subfield code="p">GUA004154</subfield>
    <subfield code="r">2024-10-02 11:10:38</subfield>
    <subfield code="t">Ej.1</subfield>
    <subfield code="w">2024-10-02</subfield>
    <subfield code="y">BK</subfield>
  </datafield>
  <datafield tag="952" ind1=" " ind2=" ">
    <subfield code="0">0</subfield>
    <subfield code="1">0</subfield>
    <subfield code="4">0</subfield>
    <subfield code="7">0</subfield>
    <subfield code="8">001</subfield>
    <subfield code="a">MEVIGERR</subfield>
    <subfield code="b">MEVIGERR</subfield>
    <subfield code="c">GEN</subfield>
    <subfield code="d">2017-06-20</subfield>
    <subfield code="o">303.60986 C35c</subfield>
    <subfield code="p">ECA25862</subfield>
    <subfield code="r">2024-11-26 09:50:45</subfield>
    <subfield code="t">Ej.1</subfield>
    <subfield code="w">2024-11-26</subfield>
    <subfield code="y">BK</subfield>
    <subfield code="z">19556 | 24987</subfield>
  </datafield>
  <datafield tag="952" ind1=" " ind2=" ">
    <subfield code="0">0</subfield>
    <subfield code="1">0</subfield>
    <subfield code="4">0</subfield>
    <subfield code="7">0</subfield>
    <subfield code="8">011</subfield>
    <subfield code="a">MEVIGERR</subfield>
    <subfield code="b">MEVIGERR</subfield>
    <subfield code="c">AV</subfield>
    <subfield code="d">2017-06-20</subfield>
    <subfield code="o">303.60986 C35c</subfield>
    <subfield code="p">ECA25863</subfield>
    <subfield code="r">2024-11-26 09:50:45</subfield>
    <subfield code="t">Ej.2</subfield>
    <subfield code="w">2024-11-26</subfield>
    <subfield code="y">BK</subfield>
    <subfield code="z">19556 | 24988</subfield>
  </datafield>
  <datafield tag="952" ind1=" " ind2=" ">
    <subfield code="0">0</subfield>
    <subfield code="1">0</subfield>
    <subfield code="4">0</subfield>
    <subfield code="7">0</subfield>
    <subfield code="8">011</subfield>
    <subfield code="a">MEVIGERR</subfield>
    <subfield code="b">MEVIGERR</subfield>
    <subfield code="c">AV</subfield>
    <subfield code="d">2017-06-20</subfield>
    <subfield code="o">303.60986 C35c</subfield>
    <subfield code="p">ECA25864</subfield>
    <subfield code="r">2024-11-26 09:50:45</subfield>
    <subfield code="t">Ej.1</subfield>
    <subfield code="w">2024-11-26</subfield>
    <subfield code="y">BK</subfield>
    <subfield code="z">19556 | 24989</subfield>
  </datafield>
</record>
